| 000 | 00442nam a2200145 a 4500 | ||
|---|---|---|---|
| 001 | 000031170 | ||
| 005 | 20240301141334.0 | ||
| 008 | 110614s2005 dr 000 0 spa d | ||
| 040 |
_aDO-SdBNP _bspa _cBNPHU |
||
| 245 | 0 | 0 |
_aMemorias de Israel : _bvisión dominicana / _cCándido Bidó... [et.al.]. |
| 260 |
_aSanto Domingo:, _c2005. |
||
| 300 |
_a28 p. : _bil., retrs. ; _c28 cm. |
||
| 700 | 1 |
_aBidó, Cándido, _d1936-2011 _929482 |
|
| 049 | _aBNPD | ||
| 999 |
_c30662 _d30662 |
||